Bordering Countries by Global Peace Index Difference - Statistics

General Stats
  • This quiz has been taken 165 times
    47 since last reset
  • The average score is 27 of 35
Answer Stats
Country % Correct
Russia
97%
Lithuania
94%
Estonia
91%
Latvia
91%
Ukraine
91%
Finland
89%
India
89%
Poland
89%
Romania
89%
Kazakhstan
86%
Moldova
86%
Norway
86%
Bulgaria
80%
Hungary
80%
Mongolia
80%
North Korea
80%
South Korea
80%
Turkey
80%
Afghanistan
77%
Bhutan
77%
Greece
77%
Slovakia
77%
Canada
74%
United States
74%
DR Congo
71%
Iraq
71%
Oman
71%
Uzbekistan
71%
Yemen
71%
Myanmar
66%
Laos
63%
Kuwait
57%
Zambia
54%
Burkina Faso
37%
Ghana
37%
No matching quizzes found
Score Distribution
Percent of People with Each Score
Percentile by Number Answered
Your Score History
You have not taken this quiz since the last reset